000 00681nam a2200193Ia 4500
008 240729s9999 xx 000 0 und d
022 _a2566-6878
245 0 _aInternational Quarterly for Asian Studies
260 _aGermany
260 _bArnold Bergstraesser Institute
650 _a History of Asia | Geography. Anthropology. Recreation
650 _a Languages and literature of Eastern Asia, Africa, Oceania
650 _a Maps
650 _a Unlocalized maps (Asian studies only) | Language and Literature
650 _aHistory (General) and history of Europe
856 _uhttps://doaj.org/toc/75b9a51c6b4142b78b72c20ccee51b27
942 _2ddc
942 _cDOAJEJ
999 _c74584
_d74584
945 _a1
_bMadushi Gamage
_c1
_dMadushi Gamage